000 01239nam2a2200253 4500
001 RU\NLR\BIBL_A\011563800
005 20240729142941.0
021 _aRU
_b2017-85032
_96589
035 _a(RuMoRGB)009470744
035 _a(NLR Aleph) 011563800
090 _a12285371
_c12285371
100 _a20171221d2017 u y0rusy50 ca
101 0 _arus
102 _aRU
105 _aach z 000zy
200 0 _aКн. 2
_fсоставитель: А.Г. Зельцер
210 _d2017
215 _a303 с.
_cил., портр., факс.
461 0 _1001RU\NLR\BIBL_A\011385869
_12001#$aМы из XX века$eвоспоминания жителей Череповецкого края о политических репрессиях$fАлександр Зельцер$vКн. 2
_1700#1$aЗельцер$bА. Г.$gАлександр Г
_911427202
_aЗельцер, А. Г.
_cЧереповец
_d2016
_fАлександр Зельцер
_nПорт-Апрель
_oвоспоминания жителей Череповецкого края о политических репрессиях
_tМы из XX века
_vКн. 2
852 _aNLR
_j2017-5/2728
942 _cBOOK
980 _aNBR